000 03230cam a22006014i 4500
003 PE-LiUPU
005 20250731173353.0
008 150706s2002 pe rb 000 0 spa d
035 _a(Sirsi) a48809
040 _aPE-LiUPU
_bspa
_cPE-LiUPU
_erda
049 _aPRUA
082 0 4 _a268.08863721
_bH82
_221
082 0 4 _a268.088
_bH82 2002
100 1 _aHuamán Obando, Samuel,
_eautor.
245 1 0 _aFilosofía de la educación cristiana :
_bformación cristiana IV /
_cSamuel Huamán Obando.
264 1 _a[Lima :
_bEditorial Imprenta Unión,
_c[2002]
300 _a75 páginas ;
_c30 centímetros.
336 _atext
_2rdacontent
337 _aunmediated
_2rdamedia
338 _avolume
_2rdacarrier
500 _aManual de clase 2009.
504 _aIncluye bibliografía.
505 0 _aIntroducción, la filosofía y la educación -- Origen e historia de la escuela, y la verdadera educación -- Biografías de grandes hombres y Jesús, el maestro de los maestros -- Las enseñanzas de la naturaleza -- La cultura física, la educación del carácter.
526 _aSEG42
526 _aSEG41
526 _aSEG40
526 _aSEG39
526 _aP94
526 _aP87
526 _aP86
526 _aP85
526 _aP77
526 _aP76
526 _aP35
650 0 4 _aEducación cristiana
_xFilosofía
_xEstudio y enseñanza
_vManuales.
700 1 _aBravo García, E. Gonzalo,
_eed.
710 2 _aUniversidad Peruana Unión. Facultad de Teología. Departamento de Educación Religiosa
910 _bjv
_cjvm
_d20100721
910 _btqv
_cwelc
_d20161031
942 _2ddc
_cBOOK
949 _a268.08863721 H82
_wDEWEY
_c1
_i61972
_lCCODEBUL1
_mBUL
_p06.00
_r0
_sY
_tLIBRO
_u2015-07-06
_xBIBLIOTECA
_zUNKNOWN
_o.STAFF. Colección General
949 _a268.088 H82 2002
_wDEWEY
_c1
_iFJ03613
_lCCODEBUJ1
_mBUJ
_p10.00
_r0
_sY
_tBOOK
_u2016-10-31
_xBIBLIOTECA
_zUNKNOWN
_0COMPRA
_o.STAFF. Colección General Juliaca
949 _a268.088 H82 2002
_wDEWEY
_c2
_iFJ03614
_lCCODEBUJ1
_mBUJ
_p10.00
_r0
_sY
_tBOOK
_u2016-10-31
_xBIBLIOTECA
_zUNKNOWN
_0COMPRA
_o.STAFF. Colección General Juliaca
949 _a268.088 H82 2002
_wDEWEY
_c2
_iFJ03617
_lCCODEBUJ1
_mBUJ
_p10.00
_r0
_sY
_tBOOK
_u2016-10-31
_xBIBLIOTECA
_zUNKNOWN
_0COMPRA
_o.STAFF. Colección General Juliaca
994 _aC0
_bPEPRU
596 _a1 3
999 _a268.08863721 H82
_wDEWEY
_c51087
_i61972
_d51087
_e2016-6-16
_f2021-11-10
_g5
_lCCODEBUL1
_mBUL
_n1
_p6.00
_r0
_sY
_tBOOK
_u2015-7-6
_xTEOLOGIA
_PP35
_0COMPRA
_o.STAFF. Colección Teología
999 _a268.088 H82 2002
_wDEWEY
_c1
_iFJ03613
_d2017-9-17
_e2017-9-14
_f2022-2-4
_g4
_lCCODEBUJ1
_mBUJ
_n3
_r0
_sY
_tBOOK
_u2016-10-31
_xBIBLIOTECA
_zUNKNOWN
_0DONACION
_o.STAFF. Colección General Juliaca
999 _a268.088 H82 2002
_wDEWEY
_c2
_iFJ03614
_d2019-4-2
_f2022-2-4
_g4
_lCCODEBUJ1
_mBUJ
_q1
_r0
_sY
_tBOOK
_u2016-10-31
_xBIBLIOTECA
_zUNKNOWN
_0DONACION
_o.STAFF. Colección General Juliaca
999 _a268.088 H82 2002
_wDEWEY
_c3
_iFJ03617
_d2018-12-3
_e2017-6-5
_f2017-12-29
_g1
_lCCODEBUJ1
_mBUJ
_n1
_q4
_r0
_sY
_tBOOK
_u2016-10-31
_xBIBLIOTECA
_zUNKNOWN
_0COMPRA
_o.STAFF. Colección General Juliaca
980 _81
_gALBERTO SANCHEZ Responsable de Automatización